Statistics for James Blake Discography

Click here to take the quiz!

General Stats

  • This quiz has been taken 4 times
  • The average score is 6 of 9

Answer Stats

TypeYearName% Correct
Album2011James Blake
100%
Album2013Overgrown
100%
Album2016The Colour in Anything
100%
EP2011Enough Thunder
75%
EP2014200 Press
50%
EP2010CMYK
50%
EP2010Klavierwerke
50%
EP2011Love What Happened Here
50%
EP2010The Bells Sketch
50%

Score Distribution

Percentile by Number Answered

Percent of People with Each Score

Your Score History

You have not taken this quiz